000 00723nam a2200133 a 4500
001 000037642
005 20201002031109.0
008 121023s20uu dr ac 000 0 spa d
040 _aDO-SdBNP
_bspa
_cBNPHU
245 0 0 _aOdebrecht :
_bRepública Dominicana.
260 _aSanto Domingo :
_bOdebrecht,
_c[200?].
300 _a[20] p. :
_bil., retrs. ;
_c22 cm.
505 0 _aObras en ejecución -- Recontrucción carretera El rio Jarabacoa -- Usina hidroeléctrica de Palomino -- Acueducto múltiple Hermanas Mirabal -- Corredor Duarte -- Autopista del Coral -- Carretera Bávaro Sábana de la Mar -- Obras finalizadas-- Acueducto de la línea Noroeste -- Carretera Casabito -- Usina hidroelétrica de Pinalito -- Acueducto Samaná
999 _c37132
_d37132